Pemahaman pelajar biologi tingkatan empat tentang konsep pembahagian sel dan pembiakan /
Saved in:
| 主要作者: | |
|---|---|
| 格式: | Thesis 圖書 |
| 語言: | Malay |
| 出版: |
2003.
|
| 主題: | |
| 標簽: |
添加標簽
沒有標簽, 成為第一個標記此記錄!
|
| LEADER | 01145cam a2200253 a 4500 | ||
|---|---|---|---|
| 001 | u713664 | ||
| 003 | SIRSI | ||
| 008 | 051019s2003 my t 00 may m | ||
| 040 | |a UMM | ||
| 043 | |a a-my-wp | ||
| 090 | |a LB7 |b UM 2003 Surm | ||
| 100 | 0 | 0 | |a Suriyani Mohamad. |
| 245 | 1 | 0 | |a Pemahaman pelajar biologi tingkatan empat tentang konsep pembahagian sel dan pembiakan / |c Suriyani binti Mohamad. |
| 260 | |c 2003. | ||
| 300 | |a xiii, 115 leaves : |b ill. ; |c 30 cm. | ||
| 502 | |a Dissertation (M.Ed.) -- Fakulti Pendidikan, Universiti Malaya, 2003. | ||
| 504 | |a Bibliography: leaves 106-110. | ||
| 650 | 0 | |a Cell division |x Study and teaching (Secondary) |z Kuala Lumpur (W.P.) | |
| 650 | 0 | |a Reproduction |x Study and teaching (Secondary) |z Kuala Lumpur (W.P.) | |
| 710 | 2 | 0 | |a Universiti Malaya. |b Fakulti Pendidikan. |
| 856 | |f IARC:A511957592 |z Click Here for Abstract and Table of Contents | ||
| 596 | |a 1 8 | ||
| 999 | |a LB7 UM 2003 SURM |w LC |c 1 |i A511933616 |d 8/5/2015 |e 8/5/2015 |f 9/11/2005 |g 1 |l STACKS |m P01UTAMA |n 23 |r Y |s Y |t TESIS |u 28/10/2005 | ||
| 999 | |a LB7 UM 2003 SURM |w LC |c 1 |i A516805225 |d 24/5/2018 |f 24/5/2018 |g 1 |l STACKS |m P08PENDIDI |r Y |s Y |t TESIS |u 24/5/2018 |1 AHSS | ||
